Las fiestas populares canarias / (Record no. 192100)

MARC details
000 -LEADER
campo de control de longitud fija 01293nam a2200337 i 4500
001 - NÚMERO DE CONTROL
campo de control 192100
003 - IDENTIFICADOR DE NÚMERO DE CONTROL
campo de control ES-MaACL
005 - FECHA Y HORA DE LA ÚLTIMA TRANSACCIÓN
campo de control 20240201063038.0
008 - DATOS DE LONGITUD FIJA--INFORMACIÓN GENERAL
campo de control de longitud fija 221104b1987 sp 001 0 spa
017 ## - NÚMERO DE COPYRIGHT O DE DEPÓSITO LEGAL
Número de copyright o de depósito legal TF 1921-1987
Agencia que asigna Oficina Depósito Legal Tenerife
020 ## - NÚMERO INTERNACIONAL ESTÁNDAR DEL LIBRO
Número Internacional Estándar del Libro 8486733049
040 ## - FUENTE DE CATALOGACIÓN
Centro/agencia transcriptor ES-MaACL
080 ## - NÚMERO DE LA CLASIFICACIÓN DECIMAL UNIVERSAL
Número de la Clasificación Decimal Universal 398.332(649)
080 ## - NÚMERO DE LA CLASIFICACIÓN DECIMAL UNIVERSAL
Número de la Clasificación Decimal Universal 39(649)
100 1# - ENTRADA PRINCIPAL--NOMBRE DE PERSONA
Nombre de persona Galván Tudela, Alberto.
9 (RLIN) 53692
Término indicativo de función/relación Autor
245 14 - MENCIÓN DEL TÍTULO
Título Las fiestas populares canarias /
Mención de responsabilidad, etc. Alberto Galván Tudela ; prólogo de William A. Christian Jr.
260 ## - PUBLICACIÓN, DISTRIBUCIÓN, ETC.
Lugar de publicación, distribución, etc. Santa Cruz de Tenerife :
Nombre del editor, distribuidor, etc. Interinsular :
-- Ediciones Canarias,
Fecha de publicación, distribución, etc. 1987
300 ## - DESCRIPCIÓN FÍSICA
Extensión 204 páginas, [8] páginas de láminas (color) ;
Dimensiones 19 cm.
490 1# - MENCIÓN DE SERIE
Mención de serie Biblioteca canaria de ciencias sociales ;
Designación de volumen o secuencia 2
500 ## - NOTA GENERAL
Nota general Índice
504 ## - NOTA DE BIBLIOGRAFÍA, ETC.
Nota de bibliografía, etc. Bibliografía: páginas 197-201
650 #4 - PUNTO DE ACCESO ADICIONAL DE MATERIA--TÉRMINO DE MATERIA
Término de materia o nombre geográfico como elemento de entrada Fiestas-
Subdivisión geográfica Canarias.
9 (RLIN) 175716
651 #4 - PUNTO DE ACCESO ADICIONAL DE MATERIA--NOMBRE GEOGRÁFICO
Nombre geográfico Canarias-
Subdivisión general Usos y costumbres.
9 (RLIN) 152161
700 1# - ENTRADA AGREGADA--NOMBRE PERSONAL
9 (RLIN) 234916
Nombre de persona Christian, William A.,
Fechas asociadas al nombre 1944-
Término indicativo de función/relación Autor de introducción
830 #0 - PUNTO DE ACCESO ADICIONAL DE SERIE-TÍTULO UNIFORME
9 (RLIN) 234981
Título uniforme Biblioteca canaria de ciencias sociales ;
Designación de volumen o secuencia 2
852 4# - LOCALIZACIÓN
Ubicación ES-MaACL
Número de control de estantería N-8078
Donativo/Legado Donación: José Lázaro García
Ubicación en estantería Depósito J
Sublocalización o colección R. 152494
itemnumber 199382
903 ## - NOMBRE PERSONAL DE DONANTE
9 234219
a Lázaro García, José
e Donante
942 ## - ELEMENTOS DE ENTRADA SECUNDARIOS (KOHA)
Tipo de ítem Koha Libro impreso
Suprimir en OPAC No
Holdings
Estatus retirado Estado de pérdida Fuente del sistema de clasificación o colocación Estado de daño No para préstamo Biblioteca de origen Biblioteca actual Ubicación en estantería Fecha de adquisición Fuente de adquisición Total de préstamos Signatura topográfica completa Código de barras Visto por última vez Tipo de ítem Koha
    Clasificación decimal universal     Biblioteca del Ateneo de Madrid Biblioteca del Ateneo de Madrid Depósito J 04/11/2022 Donación   N-8078 101206521 23/02/2023 Libro impreso